| 000 | 00347nam a2200133Ia 4500 | ||
|---|---|---|---|
| 008 | 231129s1976||||xx |||||||||||||| ||spa|| | ||
| 040 | _bspa | ||
| 082 | _a330.154 S392s | ||
| 100 | _aSchumpeter Joseph A | ||
| 245 | 0 | _aSintesis de la evolucion de la ciencia economica y sus metodos | |
| 260 | _c1976 | ||
| 264 | _aOikos -Tau | ||
| 942 |
_2ddc _cBKS |
||
| 999 |
_c24661 _d24661 |
||